000 00841nam a22002657a 4500
001 25606
003 BD-RjUL
005 20211209050913.0
008 140318s1977 nj a|||| b||| 00| 0 eng d
020 _a013499020x
035 _a(BD-RjUL)25676
040 _aBD-RjUL
_beng
_cBD-RjUL
041 _aeng
082 0 4 _a320.9485
_bHOS 1977
100 1 _aHopkins, Karen.
_978694
245 1 0 _aSweden :
_bfocus on post-industrialism /
_cKaren Hopkins
260 _aEnglewood Cliffs, N.J. :
_bPrentice-Hall,
_c1977.
300 _a122 p. :
_bill., map ;
_c23 cm.
490 _aInquiry into world cultures
504 _aIncludes bibliographical references.
651 0 _aSweden
_vPolitics and government
_y20th century.
_978695
651 0 _aSweden
_vSocial conditions.
_978696
830 _aInquiry into world cultures
_9189891
942 _2ddc
_cBK
999 _c25606
_d25606